000
00342nam a2200169Ia 4500
100
_a
Suzuki/Tokutaro
650
_a
TPM
942
_c
RB
366
_f
25
654
_a
TPM
245
_a
TPM in process industries
260
_b
CRC Press
_c
1994
082
_a
658.202
_b
SUZ
300
_a
391
546
_a
ENGLISH
_c
Info.Tech
999
_c
24652
_d
24652